000 00537nas a2200217 a 4500
001 118834
003 207969
005 20201118120935.0
008 ||||||n9999 ||| || ||
245 0 _aRevista de Estudios Sociales - No.28
260 _aBogotá :
562 _e5
650 _aGÉNERO Y SEXUALIDAD
650 _aHOMOFOBIA
650 _aHOMOSEXUALES
650 _aLESBIANISMO
650 _aSEXUALIDAD
773 _058992
_aRevista de Estudios Sociales :
942 _cSISS
999 _c118834
_d118834